Normal view
MARC view
- BAYM,NINA
Entry Personal Name
001 - CONTROL NUMBER
- control field: 134050
003 - CONTROL NUMBER IDENTIFIER
- control field: NUST
005 - DATE AND TIME OF LATEST TRANSACTION
- control field: 20260413104247.0
008 - FIXED-LENGTH DATA ELEMENTS
- fixed length control field: 260413|| aca||aabn | a|a d
040 ## - CATALOGING SOURCE
- Original cataloging agency: NUST
- Transcribing agency: NUST
100 ## - HEADING--PERSONAL NAME
- Personal name: BAYM,NINA
670 ## - SOURCE DATA FOUND
- Source citation: Work cat.: (NUST): BAYM,NINA., THE NORTON ANTHOLOGY OF AMERICAN LITERATURE /, 2007.
